John Major (Record no. 69488)

000 -LEADER
fixed length control field 01064cam a2200301 a 4500
001 - CONTROL NUMBER
control field 3929208
003 - CONTROL NUMBER IDENTIFIER
control field NUST - PNEC
005 - DATE AND TIME OF LATEST TRANSACTION
control field 20170116181119.0
008 - FIXED-LENGTH DATA ELEMENTS--GENERAL INFORMATION
fixed length control field 920323s1991 enka b 001 0beng
010 ## - LIBRARY OF CONGRESS CONTROL NUMBER
LC control number 92135620
020 ## - INTERNATIONAL STANDARD BOOK NUMBER
International Standard Book Number 187218054X :
Terms of availability £16.99
040 ## - CATALOGING SOURCE
Original cataloging agency DLC
Transcribing agency LIBRARY
Modifying agency DLC
043 ## - GEOGRAPHIC AREA CODE
Geographic area code e-uk---
050 00 - LIBRARY OF CONGRESS CALL NUMBER
Classification number DA591.M33
Item number A75 1991
082 00 - DEWEY DECIMAL CLASSIFICATION NUMBER
Classification number 941.0859092 AND
-- B
Edition number 20
100 1# - MAIN ENTRY--PERSONAL NAME
Personal name Anderson, Bruce
Titles and words associated with a name (Columnist)
245 10 - TITLE STATEMENT
Title John Major
Statement of responsibility, etc. Bruce Anderson.
260 ## - PUBLICATION, DISTRIBUTION, ETC.
Place of publication, distribution, etc. London :
Name of publisher, distributor, etc. Fourth Estate,
Date of publication, distribution, etc. c.1992
300 ## - PHYSICAL DESCRIPTION
Extent xiii, 324 p. :
Other physical details ill. ;
Dimensions 24 cm.
504 ## - BIBLIOGRAPHY, ETC. NOTE
Bibliography, etc. note Includes bibliographical references and index.
600 10 - SUBJECT ADDED ENTRY--PERSONAL NAME
Personal name Major, John Roy,
Dates associated with a name 1943-
610 20 - SUBJECT ADDED ENTRY--CORPORATE NAME
Corporate name or jurisdiction name as entry element Conservative Party (Great Britain)
General subdivision Biography.
650 #0 - SUBJECT ADDED ENTRY--TOPICAL TERM
Topical term or geographic name entry element Prime ministers
Geographic subdivision Great Britain
General subdivision Biography.
651 #0 - SUBJECT ADDED ENTRY--GEOGRAPHIC NAME
Geographic name Great Britain
General subdivision Politics and government
Chronological subdivision 1979-1997.
906 ## - LOCAL DATA ELEMENT F, LDF (RLIN)
a 7
b cbc
c orignew
d 2
e ncip
f 19
g y-gencatlg
942 ## - ADDED ENTRY ELEMENTS (KOHA)
Source of classification or shelving scheme
Koha item type Book
Holdings
Withdrawn status Lost status Source of classification or shelving scheme Damaged status Not for loan Permanent Location Current Location Shelving location Date acquired Total Checkouts Full call number Barcode Date last seen Price effective from Koha item type
          Pakistan Navy Engineering College (PNEC) Pakistan Navy Engineering College (PNEC)       941.0859092 AND PNECLIB-016345 10/04/2015   Book
© 2023 Central Library, National University of Sciences and Technology. All Rights Reserved.